Catkid Comic Club Influencers/ (Record no. 202919)

MARC details
000 -LEADER
fixed length control field 00481 a2200193 4500
005 - DATE AND TIME OF LATEST TRANSACTION
control field 20240517114948.0
010 ## - LCCN (DPL NO)
LC control number B-759093
020 ## - INTERNATIONAL STANDARD BOOK NUMBER
International Standard Book Number 978935471720
Terms of availability 650.00
035 ## - SYSTEM CONTROL NUMBER
System control number B-759093
037 ## - SOURCE OF ACQUISITION
Source of stock number/acquisition Gift
082 ## - DEWEY DECIMAL CLASSIFICATION NUMBER
Classification number S
100 ## - MAIN ENTRY--PERSONAL NAME
Personal name Pilkey, Dav
245 ## - TITLE STATEMENT
Title Catkid Comic Club Influencers/
Statement of responsibility, etc Dav Pilkey
260 ## - PUBLICATION, DISTRIBUTION, ETC. (IMPRINT)
Place of publication, distribution, etc UK
Name of publisher, distributor, etc Scholastic
Date of publication, distribution, etc 2023
270 ## - ADDRESS
Address UK
City UK
300 ## - PHYSICAL DESCRIPTION
Extent 224 p.
Dimensions 21cm (Hb)
942 ## - ADDED ENTRY ELEMENTS (KOHA)
Institution code [OBSOLETE] dpl
Item type Children Books
Source of classification or shelving scheme Dewey Decimal Classification
Classification part S
Call number suffix PIL
Holdings
Withdrawn status Lost status Not for loan Collection code Home library Current library Date acquired Source of acquisition Cost, normal purchase price Full call number Barcode Copy number Cost, replacement price Koha item type Public note
      Fiction Ashok Vihar Ashok Vihar 17/05/2024 Gift/10.5.24 650.00 S PIL B-759093 1 650.00 Children Books Gift

© Delhi Public Library
Hit Counter
free hit counter